MARC details
| 000 -LEADER |
| fixed length control field |
01290cam a2200361 i 4500 |
| 001 - CONTROL NUMBER |
| control field |
200044656 |
| 003 - CONTROL NUMBER IDENTIFIER |
| control field |
TR-AnTOB |
| 005 - DATE AND TIME OF LATEST TRANSACTION |
| control field |
20240507160038.0 |
| 007 - PHYSICAL DESCRIPTION FIXED FIELD--GENERAL INFORMATION |
| fixed length control field |
ta |
| 008 - FIXED-LENGTH DATA ELEMENTS--GENERAL INFORMATION |
| fixed length control field |
130403s tu a 000 0 tur d |
| 040 ## - CATALOGING SOURCE |
| Original cataloging agency |
TR-AnTOB |
| Language of cataloging |
eng |
| Description conventions |
rda |
| Transcribing agency |
TR-AnTOB |
| 041 0# - LANGUAGE CODE |
| Language code of text/sound track or separate title |
Türkçe |
| 050 ## - LIBRARY OF CONGRESS CALL NUMBER |
| Classification number |
D743 |
| Item number |
.I45 |
| 090 ## - LOCALLY ASSIGNED LC-TYPE CALL NUMBER (OCLC); LOCAL CALL NUMBER (RLIN) |
| Classification number (OCLC) (R) ; Classification number, CALL (RLIN) (NR) |
D743 |
| Local cutter number (OCLC) ; Book number/undivided call number, CALL (RLIN) |
.I45 |
| 245 #0 - TITLE STATEMENT |
| Title |
2.Dünya Savaşı ansiklopedisi. |
| 246 30 - VARYING FORM OF TITLE |
| Title proper/short title |
İkinci Dünya Savaşı ansiklopedisi |
| 264 #1 - PRODUCTION, PUBLICATION, DISTRIBUTION, MANUFACTURE, AND COPYRIGHT NOTICE |
| Place of production, publication, distribution, manufacture |
[İstanbul] : |
| Name of producer, publisher, distributor, manufacturer |
Yener Yayınları, |
| Date of production, publication, distribution, manufacture, or copyright notice |
[date of publication not identified] |
| 300 ## - PHYSICAL DESCRIPTION |
| Extent |
4 volumes : |
| Other physical details |
illustrations (some color) ; |
| Dimensions |
28 cm |
| 336 ## - CONTENT TYPE |
| Content type term |
text |
| Content type code |
txt |
| Source |
rdacontent |
| 337 ## - MEDIA TYPE |
| Media type term |
unmediated |
| Media type code |
n |
| Source |
rdamedia |
| 338 ## - CARRIER TYPE |
| Carrier type term |
volume |
| Carrier type code |
nc |
| Source |
rdacarrier |
| 505 0# - FORMATTED CONTENTS NOTE |
| Formatted contents note |
v. Savaşı hazırlayan sebepler ve savaşın başlangıcı -- v.2 Batıda sonun başlangıcı -- v.3 Balkanlarda savaş -- v.4 Savaş kızışıyor. |
| 650 ## - SUBJECT ADDED ENTRY--TOPICAL TERM |
| Topical term or geographic name entry element |
Dünya Savaşı, 1939-1945 |
| 9 (RLIN) |
84970 |
|
| Topical term or geographic name entry element |
Dünya Savaşı, 1939-1945 |
| General subdivision |
Tarih |
| 9 (RLIN) |
81904 |
|
| Topical term or geographic name entry element |
Dünya Savaşı, 1939-1945 |
| Form subdivision |
Resimli çalışmalar |
| Source of heading or term |
etuturkob |
| 9 (RLIN) |
57913 |
| 700 ## - ADDED ENTRY--PERSONAL NAME |
| Personal name |
Yener, Tevfik |
| 9 (RLIN) |
81882 |
|
| Personal name |
Örs, Ahmet |
| 9 (RLIN) |
81884 |
|
| Personal name |
Üçüncü, Uğur |
| 9 (RLIN) |
81885 |
|
| Personal name |
Özbek, Sahir |
| 9 (RLIN) |
81901 |
|
| Personal name |
Berker, Davut |
| 9 (RLIN) |
81902 |
| 942 ## - ADDED ENTRY ELEMENTS (KOHA) |
| Source of classification or shelving scheme |
Library of Congress Classification |
| Koha item type |
Book |